Analysis of Phenomena and Performance of Axial Needle Roller Bearings Using a Dynamic Multi-Body Simulation

Saved in:
Bibliographic Details
Main Author: Szallay, Martin (Author)
Other Authors: Havelka, Ferdinand (Thesis advisor)
Format: Manuscript Book
Language:Slovak
English
Published: 2016
Subjects:
Online Access:http://is.stuba.sk/zp/portal_zp.pl?podrobnosti=133568
Tags: Add Tag
No Tags, Be the first to tag this record!

MARC

LEADER 00000ntm a22000003a 4500
001 stuzp59434
003 SK-STU
005 20160719155840.3
007 ta
008 150427s2015----xo-----f-mn---000-0-slo-d
040 |a STU  |b slo 
041 0 |a eng 
100 1 |a Szallay, Martin  |u 020010  |k Z4  |4 aut  |U SjF Strojnícka fakulta  |T SjF Ústav aplikovanej mechaniky a mechatroniky  |X 44403  |U J0010  |Y 801  |7 A000044403 
242 0 1 |a Analýza výkonnosti a javov v axiálnych ihličkových ložiskách pomocou virtuálnych simulácií mechanických sústav  |y slo 
245 1 0 |a Analysis of Phenomena and Performance of Axial Needle Roller Bearings Using a Dynamic Multi-Body Simulation 
260 |c 2016 
650 4 |a valivé ložiská  |2 slo 
650 4 |a viazané mechanické systémy  |2 slo 
650 4 |a trecí moment  |2 slo 
650 4 |a roller bearings  |2 eng 
650 4 |a multi-body dynamics  |2 eng 
650 4 |a frictional torque  |2 eng 
700 1 |a Havelka, Ferdinand  |u 020010  |k Z1  |4 ths  |U SjF Strojnícka fakulta  |T SjF Ústav aplikovanej mechaniky a mechatroniky  |X 14040  |U J0010  |Y 801  |7 A000014040 
856 4 |u http://is.stuba.sk/zp/portal_zp.pl?podrobnosti=133568 
SQL |a stuzp59434  |b DDP  |c ENG  |d Analysis of Phenomena and Performance of Axial Needle Roller Bearings Using a Dynamic Multi-Body Simulation  |e 44403  |f Szallay, Martin  |g 020010  |h 14040  |i Havelka, Ferdinand  |j 20160616  |k 1325  |l 02  |m http://is.stuba.sk/zp/portal_zp.pl?podrobnosti=133568  |n I-AMAM  |o 5.1.7. aplikovaná mechanika, 5.2.16. mechatronika